Open Data Biblioteca Nacional de Portugal


República Portuguesa: Ministério da Cultura
Biblioteca Nacional de Portugal

Catálogo da BNP: acesso por Identificadores Unívocos
Registos Bibliográficos associados ao registo de autoridade

Etiqueta de registo: 00254nam 2200025 450
001 2283465
003 http://id.bnportugal.gov.pt/bib/catbnp/2283465
010 ## $a978-989-38-0924-2
021 ## $aPT$b558717/26
100 ## $a20260401d2026 c y0pory01030103ba
101 0# $apor
102 ## $aPT
105 ## $aa z 000yy
106 ## $ar
200 1# $a A magia de Matilde$fPaulo Alexandre Esparteiro$gil. Danilea Sá
210 #9 $aLisboa$cFlamingo,$d2026
215 ## $a37, [3] p.$cil.$d23 cm
700 #1 $aEsparteiro,$bPaulo Alexandre$31994534
702 #1 $aSá,$bDaniela$4440$31742389
801 #0 $aPT$bBN$gRPC
966 ## $lBN$mFGMON$x1
966 ## $lBN$mFGMON$x1
971 ## $cisantos$d20260401

OpendataBNP@bnportugal.pt | Mais informação sobre acesso aos dados BNP